| Tag |
First Indicator |
Second Indicator |
Subfields |
| LEADER |
00000cam a2200000 i 4500 |
| 001 |
in00004635002 |
| 006 |
m o d |
| 007 |
cr ||||||||||| |
| 008 |
201109s1988 ne ob 000 0 eng |
| 005 |
20230606155854.8 |
| 010 |
|
|
|a 2020426314
|
| 035 |
|
|
|a (OCoLC)ocn883391139
|
| 040 |
|
|
|a DLC
|b eng
|e rda
|e pn
|c DLC
|d OCLCE
|d UIU
|d YDX
|d LOA
|d UAB
|d OCLCF
|d U3W
|d JSTOR
|d U9X
|d GW5XE
|d OCLCO
|d OCLCQ
|d OCLCO
|d DLC
|d OCLCO
|
| 019 |
|
|
|a 652242670
|a 957679935
|
| 020 |
|
|
|a 9789004286320
|q (e-book)
|
| 020 |
|
|
|a 9004286322
|
| 020 |
|
|
|z 9067652326
|q (print)
|
| 020 |
|
|
|a 9789401768146
|q (electronic bk.)
|
| 020 |
|
|
|a 9401768145
|q (electronic bk.)
|
| 020 |
|
|
|z 9789067652322
|
| 024 |
7 |
|
|a 10.1007/978-94-017-6814-6
|2 doi
|
| 035 |
|
|
|a (OCoLC)883391139
|z (OCoLC)652242670
|z (OCoLC)957679935
|
| 037 |
|
|
|a 22573/ctvbpdzxt
|b JSTOR
|
| 041 |
0 |
|
|a eng
|a map
|
| 042 |
|
|
|a pcc
|
| 043 |
|
|
|a a-io---
|
| 050 |
0 |
0 |
|a PL5490.1
|
| 082 |
0 |
4 |
|a 499.22
|2 22
|
| 084 |
|
|
|a EF 46000 W861 A538
|2 rvk
|
| 049 |
|
|
|a TXAM
|
| 100 |
1 |
|
|a Anceaux, J. C.
|q (Johannes Cornelis),
|d 1920-
|e author.
|
| 245 |
1 |
4 |
|a The Wolio language :
|b outline of grammatical description and texts /
|c J.C. Anceaux.
|
| 250 |
|
|
|a Second edition.
|
| 264 |
|
1 |
|a Dordrecht, Netherlands ;
|a Providence, RI :
|b Foris Publications,
|c 1988.
|
| 300 |
|
|
|a 1 online resource (viii, 98 pages).
|
| 336 |
|
|
|a text
|b txt
|2 rdacontent
|
| 337 |
|
|
|a computer
|b c
|2 rdamedia
|
| 338 |
|
|
|a online resource
|b cr
|2 rdacarrier
|
| 490 |
1 |
|
|a Verhandelingen van het Koninklijk Instituut voor Taal-, Land- en Volkenkunde ;
|v 11
|
| 504 |
|
|
|a Includes bibliographical references (pages 97-98).
|
| 588 |
|
|
|a Description based on online resource; title from PDF title page (viewed on 11/09/2020).
|
| 650 |
|
0 |
|a Wolio language
|x Grammar.
|
| 651 |
|
0 |
|a Indonesia
|x Languages.
|
| 651 |
|
6 |
|a Indonésie
|x Langues.
|
| 650 |
|
7 |
|a Austronesian languages.
|2 fast
|0 (OCoLC)fst00821614
|
| 650 |
|
7 |
|a Language and languages.
|2 fast
|0 (OCoLC)fst00992154
|
| 650 |
|
7 |
|a Malayan languages.
|2 fast
|0 (OCoLC)fst01006537
|
| 651 |
|
7 |
|a Indonesia.
|2 fast
|0 (OCoLC)fst01209242
|
| 650 |
|
7 |
|a Grammatik
|2 gnd
|
| 655 |
|
7 |
|a Electronic books.
|2 local
|
| 655 |
|
7 |
|a Wolio.
|2 swd
|
| 710 |
2 |
|
|a JSTOR (Organization)
|
| 776 |
0 |
8 |
|i Print version:
|a Anceaux, J. C. (Johannes Cornelis), 1920-.
|t Wolio language : outline of grammatical description and texts.
|d Dordrecht, Netherlands ; Providence, RI : Foris Publications, 1988
|z 9067652326
|
| 830 |
|
0 |
|a Verhandelingen van het Koninklijk Instituut voor Taal-, Land- en Volkenkunde ;
|v 11.
|
| 856 |
4 |
0 |
|u https://www.jstor.org/stable/10.1163/j.ctvbqs53v
|z Connect to the full text of this electronic book
|t 0
|
| 955 |
|
|
|a JSTOR Open Access ebooks
|
| 994 |
|
|
|a 92
|b TXA
|
| 999 |
f |
f |
|s d94dbd43-69c6-44db-9a82-98adbc42de69
|i 8c66ed74-ffe4-42c4-ab3e-c427a2bf08d5
|t 0
|
| 952 |
f |
f |
|a Texas A&M University
|b College Station
|c Electronic Resources
|d Available Online
|t 0
|e PL5490.1
|h Library of Congress classification
|
| 998 |
f |
f |
|a PL5490.1
|t 0
|l Available Online
|